1620 1627 1735 1520 1027 1875 1008 1756 1885 1414 1309 1434 1240 1181 1683 1436 1653 1492 1944 1545 1202 1282 1060 1844 1780 1376 1059 1719 1391 1822 1827 1376 1320 1868 1881 1235 1833 1294 1556 1838 1397 1424 1023 1756 1043 1488 1835 1350 1732 1419 1631 1696 1172 1357 1129 1063 1409 1983 1631 1847 1315 1544 1197 1305 1112 1542 1379 1207 1229 1279 1759 1885 1831 1600 1605 1135 1780 1070 1573 1907 1099 1430 1687 1029 1201 1273 1651 1127 1024 1942 1172 1551 1756 1929 1998 1014 1283 1576 1081 BCNSPRNW ULIB Ver.6.0+V

เปลี่ยนเป็นภาษาไทย

Change to English
 แสดงรายละเอียดบรรณานุกรม
  กลับหน้าหลัก

Brief Record : Get Marc (ISO 2709) : E-mail record : QR code < ปิดหน้าต่าง
LEADER : 00000nam 2200000uu 4500
001    13399112546
003     ULIB
008    110824s2554||||th 000 0 tha d
020    9786165001304
090    นว.^bร147ค 2554
100 0  ร่มแก้ว
245 00 คุณชายปวรรุจ/^cร่มแก้ว
250    พิมพ์ครั้งที่ 4
260    กรุงเทพฯ :^bพิมพ์คำ,^c2554
300    328 หน้า
490 0  นวนิยายชุด สุภาพบุรุษจุฑาเทพ
945    ^p220^l0^i18515
995    กัณชพร
999    ^aใช้งานได้ทุกระบบ
รายการนี้ยังไม่มีแท็ก
คุณยังไม่ได้ล็อกอิน คุณสามารถมีกิจกรรมร่วมกับเว็บไซต์ได้ แต่ต้องล็อกอินก่อน ::
  ล็อกอิน

รายการสื่อสารสนเทศ

ลำดับที่ ประเภท เลขเรียก/บาร์โค้ด สถานที่ สถานะ
1. นวนิยาย
นวนิยาย
นว. ร147ค 2554  
  Barcode: 18515
ห้องสมุดวิทยาเขตสวรรค์ประชารักษ์
►นวนิยาย
บนชั้น
  ขอยืม

รายการใกล้เคียง
    ผู้แต่ง [ร่มแก้ว]

BibComment


ยังไม่เคยถูกคอมเมนท์

คอมเมนท์ทรัพยากรรายการนี้
  คอมเมนท์: คุณชายปวรรุจ ร่มแ..


 Copyright 2026. Bcnsprnw @Library